000
00214nam a2200085Ia 4500
008
170617s9999 xx 000 0 und d
100
_a
Bruitis-Casl
245
0
_a
Tietz fundamentals of Clinical Chemistry
260
_b
Elesvir Pub
260
_c
2008
999
_c
15360
_d
15360